000 00691nam a2200241Ia 4500
003 OSt
005 20220925174236.0
006 a|||||r|||| 00| 0
007 ta
008 220923b |||||||| |||| 00| 0 eng d
037 _cGeneral Book
040 _aRTL
_cRTL
_beng
041 _2eng
_aeng
082 _aY73(P1), K9
100 _aChanda Ramaprasad
245 0 _aIndo-Aryan races
_b A study of the origin of Indo-Ar
260 _aCalcutta
_bIndian Studies Past and Present
_c1969
300 _axviii, 151p
_ccm.
500 _aAppendix: P 135-51
650 _aIndian
_9232679
942 _hY73(P1), K9
_cGB
_2CC
999 _c490358
_d490358